Score 0/30 Timer 03:00
2 Plays Today
Hint 4-Letter Word % Correct
AC/DC's 'Highway to ___'HELL
97%
What fishes breathe out ofGILL
96.6%
'____ up the gas tank, please!'FILL
96.5%
A male cowBULL
95.2%
Had in one's handsHELD
94.4%
★ 2001 Steel novel: ____ of Faith★ OR A jumpLEAP
93.6%
★ 1984 Steel novel; ____ Circle ★ OR SatedFULL
93.6%
Period before EasterLENT
93.5%
Big Ben, e.g.BELL
93%
Shakespearean kingLEAR
92.3%
★ 2010 Steel novel: Big ____ ★ OR A young womanGIRL
90.7%
★ 1973 Steel novel: Going ____ ★ Where one livesHOME
90%
Not deadLIVE
89.7%
A pileHEAP
89.6%
★ 2001 Steel novel: ____ Eagle ★ OR SoloLONE
88.2%
Hint 4-Letter Word % Correct
★ 1998 Steel novel: The ____ Road Home ★ OR Pine (for)LONG
88.1%
Bathroom on a shipHEAD
87.4%
★ 1995 Steel novel: ____ Days in Paris ★ 17 minus 12FIVE
86.8%
Gaze at unpleasantlyLEER
86.7%
★ 1980 Steel novel: To ____ Again; what most of her books are about. ★ LOVE
84.5%
★ A present, or a 1994 Steel novel ★GIFT
83.3%
Capital and largest city of TogoLOMÉ
82.1%
★ 1987 Steel novel: ____ Things ★ OR A fee for violating a ruleFINE
81.4%
'___ Get Fooled Again'WON'T
81.2%
LeftWENT
80.9%
Nerdy internetspeak alphabetLEET
78%
Law & Order Actor B.D.WONG
75.9%
Surrounded or encircledGIRT
75.6%
To run with a long, graceful strideLOPE
60.3%
★ 2000 Steel novel: The House on ____ Street ★ HOPE
59%

Today's Daily Dose

Remove Ads.
Support Sporcle.
Get the best of Sporcle when you Go Orange. This ad-free experience offers more features, more stats, and more fun while also helping to support Sporcle. Thank you for becoming a member.

You're not logged in!

Compare scores with friends on all Sporcle quizzes.
OR
Log In

Show Comments

Extras

Top Quizzes Today


Score Distribution

Your Account Isn't Verified!

In order to create a playlist on Sporcle, you need to verify the email address you used during registration. Go to your Sporcle Settings to finish the process.

Report this User

Report this user for behavior that violates our Community Guidelines.

Details: